000 00454nmm a2200169Ia 4500
008 251105s9999||||xx |||||||||||||||||und||
020 _a9788498957877
041 _aspa
100 _aGuzmán, Almudena
245 0 _aZonas comunes
264 _a[Madrid, España] :
_bVisor Libros,
_c2011
300 _a93 páginas
490 _aVisor de Poesía
650 _aSpanish poetry
856 _uhttps://public.digitaliapublishing.com/a/41248
942 _cCF
999 _c92280
_d92280